000 00691 a2200193 4500
010 _aENG-85821
020 _c110.00
035 _aEN-69354
037 1 4 _bDBAD / PUB
082 1 _a658.5
090 _c3797
_d3797
100 1 _aAgarwal, O.P.
245 _aFinancial management
_cby O.P. Agarwal
_bsem-III B.Com. (banking and insurance)
260 _aMumbai
_bHimalaya Publishing House
_c2007
270 _a"Ramdoot", Dr. Bhalerao Marg, Girgaon
_bMumbai
_cMaharashtra
_e400 004
_k23860170 & 23863863
_l022-23877178
_mhimpub@vsnl.com
300 _a234p.
_c21cm (pbk)
942 _adpl
_cEN
_k658.5 / AGA
999 _c3719
_d3719